000 00689nam a2200289Ia 4500
005 20260324141323.0
008 008 260324s9999 xx 000 0 eng d
020 _a9780203974698
037 _aEBOOK
040 _aCRL
040 _beng
040 _cCRL
041 _2eng
041 _aeng
084 _qCRL
100 _aPer Raberg
_91207757
245 4 _aThe Life Region
245 4 _bThe Social and Cultural Ecology of Sustainable Development
260 _bTaylor and Francis
260 _c1997
365 _a
365 _b300
856 _uhttp://www.taylorfrancis.com/books/9780203974698
942 _cEBOOK
999 _c1810710
_d1810710